[Event "Waling Dijkstra Gr-A"]
[Site "Leeuwarden"]
[Date "2009.11.14"]
[Round "4"]
[White "Van den Berg, Harmen"]
[Black "Ootes, Lennart"]
[Result "1/2-1/2"]
[WhiteElo "2137"]
[BlackElo "2128"]
[PlyCount "69"]
[EventDate "2009.11.13"]
[EventType "swiss"]
[EventRounds "6"]
[EventCountry "NED"]
[SourceTitle "EXT 2010"]
[Source "ChessBase"]
[SourceDate "2010.11.25"]
[SourceVersion "1"]
[SourceVersionDate "2010.11.25"]
[SourceQuality "1"]

1. e4 e5 2. Bc4 Nf6 3. d3 Nc6 4. Nc3 d6 5. f4 Be6 6. Bb3 Qd7 7. Nf3 exf4 8. Bxf4 0-0-0 9. Qe2 Bg4 10. 0-0-0 Nd4 11. Qf2 Nxb3+ 12. axb3 Kb8 13. Rhe1 Be7 14. e5 Ne8 15. d4 Qf5 16. Bg3 h5 17. h4 Bxf3 18. gxf3 d5 19. Rd3 g5 20. hxg5 h4 21. Bh2 Qxg5+ 22. f4 Qh6 23. Kb1 Ng7 24. f5 Bg5 25. Rg1 Nh5 26. Qf3 Bf4 27. Bxf4 Nxf4 28. Rdd1 h3 29. Rdf1 h2 30. Rh1 Rdg8 31. Nxd5 Nxd5 32. Qxd5 Qe3 33. Ka2 a6 34. e6 fxe6 35. Qxe6 1/2-1/2